| 000 | 00376pab a2200145 454500 | ||
|---|---|---|---|
| 008 | 180718b1999 xxu||||| |||| 00| 0 eng d | ||
| 100 | _aReddy, Y.V. | ||
| 245 | _aState and market: altering the boundaries and emerging new balances | ||
| 260 | _c1999 | ||
| 300 | _ap.372-85 | ||
| 362 | _aDec | ||
| 650 | _aMarket economy | ||
| 773 | _aAsian Economic Review | ||
| 909 | _a43738 | ||
| 999 |
_c43738 _d43738 |
||